MARC details
| 000 -LEADER |
| fixed length control field |
02592cam a2200709 4500 |
| 001 - CONTROL NUMBER |
| control field |
21553 |
| 003 - CONTROL NUMBER IDENTIFIER |
| control field |
VRT |
| 005 - DATE AND TIME OF LATEST TRANSACTION |
| control field |
20260305082837.0 |
| 008 - FIXED-LENGTH DATA ELEMENTS--GENERAL INFORMATION |
| fixed length control field |
200612s2019 xo a brf 001 0 slo |
| 015 ## - NATIONAL BIBLIOGRAPHY NUMBER |
| National bibliography number |
SNBA2019/08 |
| 020 ## - INTERNATIONAL STANDARD BOOK NUMBER |
| International Standard Book Number |
9788056703472 |
| Qualifying information |
(viazané) |
| 035 ## - SYSTEM CONTROL NUMBER |
| System control number |
urn:nbn:sk:snk-am00dl43 |
| 035 ## - SYSTEM CONTROL NUMBER |
| System control number |
urn:nbn:sk:snk-am3i5tb |
| 035 ## - SYSTEM CONTROL NUMBER |
| System control number |
6CDDC887-7A28-47D2-92DD-A25E038C1491 |
| 039 #9 - LEVEL OF BIBLIOGRAPHIC CONTROL AND CODING DETAIL [OBSOLETE] |
| Level of rules in bibliographic description |
202006121035 |
| Level of effort used to assign nonsubject heading access points |
VLOAD |
| Level of effort used to assign subject headings |
202004020853 |
| Level of effort used to assign classification |
VLOAD |
| Level of effort used to assign subject headings |
201908021110 |
| Level of effort used to assign classification |
msnk161 |
| Level of effort used to assign subject headings |
201908021108 |
| Level of effort used to assign classification |
msnk161 |
| 040 ## - CATALOGING SOURCE |
| Original cataloging agency |
TTKJF |
| Language of cataloging |
slo |
| Transcribing agency |
TTKJF |
| Modifying agency |
SNK |
| Description conventions |
rda |
| 041 1# - LANGUAGE CODE |
| Language code of text/sound track or separate title |
slo |
| Language code of original |
eng |
| 044 ## - COUNTRY OF PUBLISHING/PRODUCING ENTITY CODE |
| MARC country code |
xo |
| ISO country code |
SK |
| 072 #7 - SUBJECT CATEGORY CODE |
| Subject category code |
79 |
| Subject category code subdivision |
Rekreácia. Voľný čas. Zábavy. Hry. Šport |
| Source |
konspekt |
| 072 #7 - SUBJECT CATEGORY CODE |
| Subject category code |
821-93 |
| Subject category code subdivision |
Literatúra pre deti a mládež (beletria) |
| Source |
konspekt |
| 080 ## - UNIVERSAL DECIMAL CLASSIFICATION NUMBER |
| Universal Decimal Classification number |
379.8 |
| Edition identifier |
2011 |
| 080 ## - UNIVERSAL DECIMAL CLASSIFICATION NUMBER |
| Universal Decimal Classification number |
796.1 |
| Edition identifier |
2011 |
| 080 ## - UNIVERSAL DECIMAL CLASSIFICATION NUMBER |
| Universal Decimal Classification number |
796.54 |
| Edition identifier |
2011 |
| 080 ## - UNIVERSAL DECIMAL CLASSIFICATION NUMBER |
| Universal Decimal Classification number |
(035) |
| Edition identifier |
2011 |
| 080 ## - UNIVERSAL DECIMAL CLASSIFICATION NUMBER |
| Universal Decimal Classification number |
(0.05) |
| Edition identifier |
2011 |
| 100 1# - MAIN ENTRY--PERSONAL NAME |
| Personal name |
Hawickhorst, Karin |
| Relationship |
aut |
| 240 10 - UNIFORM TITLE |
| Uniform title |
Go Wild in the Woods |
| Language of a work |
Slovensky |
| 245 10 - TITLE STATEMENT |
| Title |
Hor sa do divočiny! |
| Name of part/section of a work |
V lese |
| Statement of responsibility, etc. |
Goldie Hawk a Rachael Saunders ; preklad Andrea Cingelová |
| 246 30 - VARYING FORM OF TITLE |
| Title proper/short title |
V lese |
| 246 1# - VARYING FORM OF TITLE |
| Display text |
Séria: |
| Title proper/short title |
Hor sa do divočiny! |
| 246 1# - VARYING FORM OF TITLE |
| Display text |
Obálkový podnázov: |
| Title proper/short title |
Sprievodca prírodou |
| 250 ## - EDITION STATEMENT |
| Edition statement |
Prvé slovenské vydanie |
| 264 #1 - PRODUCTION, PUBLICATION, DISTRIBUTION, MANUFACTURE, AND COPYRIGHT NOTICE |
| Place of production, publication, distribution, manufacture |
Bratislava |
| Name of producer, publisher, distributor, manufacturer |
Svojtka & Co. vydavateľstvo |
| Date of production, publication, distribution, manufacture, or copyright notice |
2019 |
| 300 ## - PHYSICAL DESCRIPTION |
| Extent |
96 strán |
| Other physical details |
ilustrácie |
| Dimensions |
20 cm |
| 336 ## - CONTENT TYPE |
| Content type term |
text |
| Content type code |
txt |
| Source |
rdacontent |
| 336 ## - CONTENT TYPE |
| Content type term |
statický obraz |
| Content type code |
sti |
| Source |
rdacontent |
| 337 ## - MEDIA TYPE |
| Media type term |
bez média |
| Media type code |
n |
| Source |
rdamedia |
| 338 ## - CARRIER TYPE |
| Carrier type term |
zväzok |
| Carrier type code |
nc |
| Source |
rdacarrier |
| 500 ## - GENERAL NOTE |
| General note |
Preložené z angličtiny |
| 500 ## - GENERAL NOTE |
| General note |
Obsahuje slovníček na strane 94-95 |
| 500 ## - GENERAL NOTE |
| General note |
Údaje o sérii prevzané z externého zdroja |
| 504 ## - BIBLIOGRAPHY, ETC. NOTE |
| Bibliography, etc. note |
Obsahuje register na strane 96 |
| 650 07 - SUBJECT ADDED ENTRY--TOPICAL TERM |
| Topical term or geographic name entry element |
voľný čas |
| Source of heading or term |
SNKPH |
| 650 07 - SUBJECT ADDED ENTRY--TOPICAL TERM |
| Topical term or geographic name entry element |
Leisure |
| Source of heading or term |
SNKPHeng |
| 650 07 - SUBJECT ADDED ENTRY--TOPICAL TERM |
| Topical term or geographic name entry element |
Outdoor games |
| Source of heading or term |
SNKPHeng |
| 650 07 - SUBJECT ADDED ENTRY--TOPICAL TERM |
| Topical term or geographic name entry element |
hry v prírode |
| Source of heading or term |
SNKPH |
| 650 07 - SUBJECT ADDED ENTRY--TOPICAL TERM |
| Topical term or geographic name entry element |
Camping |
| Source of heading or term |
SNKPHeng |
| 650 07 - SUBJECT ADDED ENTRY--TOPICAL TERM |
| Topical term or geographic name entry element |
táborenie |
| Source of heading or term |
SNKPH |
| 655 #7 - INDEX TERM--GENRE/FORM |
| Genre/form data or focus term |
príručky |
| Source of term |
SNKPH |
| 655 #7 - INDEX TERM--GENRE/FORM |
| Genre/form data or focus term |
publikácie pre deti |
| Source of term |
SNKPH |
| 655 #7 - INDEX TERM--GENRE/FORM |
| Genre/form data or focus term |
Handbooks, manuals, etc. |
| Source of term |
SNKPHeng |
| 655 #7 - INDEX TERM--GENRE/FORM |
| Genre/form data or focus term |
Publications for children |
| Source of term |
SNKPHeng |
| 700 1# - ADDED ENTRY--PERSONAL NAME |
| Personal name |
Saunders, Rachael |
| Relationship |
ill |
| 700 1# - ADDED ENTRY--PERSONAL NAME |
| Personal name |
Cingelová, Andrea |
| Relationship |
trl |
| 942 ## - ADDED ENTRY ELEMENTS (KOHA) |
| Source of classification or shelving scheme |
Dewey Decimal Classification |
| Koha item type |
Krásna literatúra pre deti |
| Suppress in OPAC |
No |
| 949 ## - LOCAL PROCESSING INFORMATION (OCLC) |
| 6 |
17A1165286 |
| a |
snkSD 88236 |
| b |
snk2019/14749 |
| o |
987/2019 |
| s |
6100:20190807 |
| 949 ## - LOCAL PROCESSING INFORMATION (OCLC) |
| 6 |
17A1165287 |
| a |
snkSD 88236 D1 |
| b |
snk2019/14750 |
| o |
987/2019 |
| 949 ## - LOCAL PROCESSING INFORMATION (OCLC) |
| 6 |
273K0643631 |
| a |
svkpoA 242536 |
| b |
svkpo637245 |
| 949 ## - LOCAL PROCESSING INFORMATION (OCLC) |
| 6 |
2889343635 |
| a |
savukPV 28017 |
| b |
savuk2019/1687 |
| 949 ## - LOCAL PROCESSING INFORMATION (OCLC) |
| 6 |
270001000602387 |
| a |
svkbbA 157434 |
| b |
svkbbm 783410 |
| 949 ## - LOCAL PROCESSING INFORMATION (OCLC) |
| 6 |
273K0641363 |
| a |
svkpoA 241023 |
| b |
svkpo633028 |